| 000 | 00675cam a2200181 4500500 | ||
|---|---|---|---|
| 005 | 20260111080411.0 | ||
| 041 | _afre | ||
| 042 | _adc | ||
| 100 | 1 | 0 |
_aSempastous, Vincent _eauthor |
| 245 | 0 | 0 | _aLa persistance de l’octroi de mer : quels enseignements pour l’évolution de la fiscalité locale ? |
| 260 | _c2020. | ||
| 500 | _a54 | ||
| 690 | _adépartements et régions d’outre-mer | ||
| 690 | _afinances locales | ||
| 690 | _aoctroi de mer | ||
| 786 | 0 | _nGestion & Finances Publiques | 2 | 2 | 2020-04-29 | p. 59-64 | 1969-1009 | |
| 856 | 4 | 1 | _uhttps://droit.cairn.info/revue-gestion-et-finances-publiques-2020-2-page-59?lang=fr&redirect-ssocas=7080 |
| 999 |
_c1616262 _d1616262 |
||